000 01104nam a2200241Ia 4500
008 180910s9999 xx 000 0 und d
100 1 _aعمون، لورين مفيد
_gماستر تعليم مادة الجغرافيا
245 1 0 _aالعوامل المؤدية الى ضعف تحصيل التلامذة في مادة الجغرافيا للصف الثالث ثانوي فرع علوم الحياة (محافظة الجنوب)
260 _aبيروت
_bالجامعة اللبنانية - كلية الآداب، العمادة
_c2013
300 _a pages
500 _aالنوع : رسالة
650 4 _aCycle Secondaire Enseignement de la géographie
650 4 _aL’accomplissement des étudiants
650 4 _aSecondary Education Geography Education
650 4 _aSouth
650 4 _aStudents achievement
650 4 _aSud
650 4 _aالجنوب
650 4 _aالمرحلة الثانوية تعليم الجغرافيا
650 4 _aتحصيل الطلبة
856 _zالجامعة اللبنانية - كلية التربية، العمادة
942 _cLAESDATA
999 _c21000
_d21000